I Love You. (Record no. 105811)
[ view plain ]
| 000 -LEADER | |
|---|---|
| fixed length control field | 00367nam a2200133 a 4500 |
| 005 - DATE AND TIME OF LATEST TRANSACTION | |
| control field | 20140412111415.0 |
| 008 - FIXED-LENGTH DATA ELEMENTS--GENERAL INFORMATION | |
| fixed length control field | 070710s19uu xx 00 eng d |
| 050 ## - LIBRARY OF CONGRESS CALL NUMBER | |
| Classification number | ER |
| Item number | I L1 2002 |
| 245 ## - TITLE STATEMENT | |
| Title | I Love You. |
| 260 ## - PUBLICATION, DISTRIBUTION, ETC. (IMPRINT) | |
| Place of publication, distribution, etc | China : |
| Name of publisher, distributor, etc | The clever factory, |
| Date of publication, distribution, etc | 2002. |
| 440 ## - SERIES STATEMENT/ADDED ENTRY--TITLE | |
| Title | Values and lessons |
| 520 ## - SUMMARY, ETC. | |
| Summary, etc | Stories that nurture a child's development |
| Withdrawn status | Lost status | Damaged status | Home library | Current library | Shelving location | Date acquired | Source of acquisition | Total Checkouts | Full call number | Barcode | Date last seen | Price effective from | Koha item type |
|---|---|---|---|---|---|---|---|---|---|---|---|---|---|
| Elizalde Library | Elizalde Library | Easy Reading Section | 07/10/2007 | ER I L1 2002 | E10715 | 04/12/2014 | 04/12/2014 | Books |